header

Lincoln and the union governors / (Record no. 140447)

MARC details
000 -LEADER
fixed length control field 02115nam a2200445 i 4500
001 - CONTROL NUMBER
control field ebr10800685
003 - CONTROL NUMBER IDENTIFIER
control field CaPaEBR
006 - FIXED-LENGTH DATA ELEMENTS--ADDITIONAL MATERIAL CHARACTERISTICS--GENERAL INFORMATION
fixed length control field m o d
007 - PHYSICAL DESCRIPTION FIXED FIELD--GENERAL INFORMATION
fixed length control field cr cn|||||||||
008 - FIXED-LENGTH DATA ELEMENTS--GENERAL INFORMATION
fixed length control field 130325t20132013ilua ob 001 0deng|d
020 ## - INTERNATIONAL STANDARD BOOK NUMBER
Cancelled/invalid ISBN 9780809332885 (cloth : alk. paper)
Cancelled/invalid ISBN 0809332884 (cloth : alk. paper)
International Standard Book Number 9780809332892 (e-book)
040 ## - CATALOGING SOURCE
Original cataloging agency CaPaEBR
Language of cataloging eng
Description conventions rda
-- pn
Transcribing agency CaPaEBR
035 ## - SYSTEM CONTROL NUMBER
System control number (OCoLC)868980098
043 ## - GEOGRAPHIC AREA CODE
Geographic area code n-us---
050 14 - LIBRARY OF CONGRESS CALL NUMBER
Classification number E457.2
Item number .H336 2013eb
082 04 - DEWEY DECIMAL CLASSIFICATION NUMBER
Classification number 973.7092
Edition number 23
100 1# - MAIN ENTRY--PERSONAL NAME
Personal name Harris, William C.
Fuller form of name (William Charles),
Dates associated with a name 1933-
245 10 - TITLE STATEMENT
Title Lincoln and the union governors /
Statement of responsibility, etc William C. Harris.
264 #1 - PRODUCTION, PUBLICATION, DISTRIBUTION, MANUFACTURE, AND COPYRIGHT NOTICE
Place of production, publication, distribution, manufacture Carbondale :
Name of producer, publisher, distributor, manufacturer Southern Illinois University Press,
Date of production, publication, distribution, manufacture, or copyright notice 2013.
Date of production, publication, distribution, manufacture, or copyright notice �2013
300 ## - PHYSICAL DESCRIPTION
Extent 1 online resource (184 pages) :
Other physical details illustrations.
336 ## - CONTENT TYPE
Content type term text
Source rdacontent
337 ## - MEDIA TYPE
Media type term computer
Source rdamedia
338 ## - CARRIER TYPE
Carrier type term online resource
Source rdacarrier
440 #0 - SERIES STATEMENT/ADDED ENTRY--TITLE
Title Concise Lincoln library
504 ## - BIBLIOGRAPHY, ETC. NOTE
Bibliography, etc Includes bibliographical references and index.
505 0# - FORMATTED CONTENTS NOTE
Formatted contents note The secession crisis -- The call to arms -- The war becomes hard -- The Altoona Conference -- Governor Seymour and the Copperhead threat -- The union triumphant.
588 ## - SOURCE OF DESCRIPTION NOTE
Source of description note Description based on print version record.
590 ## - LOCAL NOTE (RLIN)
Local note Electronic reproduction. Palo Alto, Calif. : ebrary, 2013. Available via World Wide Web. Access may be limited to ebrary affiliated libraries.
600 10 - SUBJECT ADDED ENTRY--PERSONAL NAME
Personal name Lincoln, Abraham,
Dates associated with a name 1809-1865
General subdivision Relations with governors.
650 #0 - SUBJECT ADDED ENTRY--TOPICAL TERM
Topical term or geographic name as entry element Governors
Geographic subdivision United States
General subdivision History
Chronological subdivision 19th century.
651 #0 - SUBJECT ADDED ENTRY--GEOGRAPHIC NAME
Geographic name United States
General subdivision History
Chronological subdivision Civil War, 1861-1865
General subdivision Political aspects.
Geographic name United States
General subdivision Politics and government
Chronological subdivision 1861-1865.
655 #0 - INDEX TERM--GENRE/FORM
Genre/form data or focus term Electronic books.
776 08 - ADDITIONAL PHYSICAL FORM ENTRY
Display text Print version:
Main entry heading Harris, William C.
Title Lincoln and the union governors.
Place, publisher, and date of publication Carbondale : Southern Illinois University Press, 2013
Physical description 163 pages
Series data for related item Concise Lincoln library
International Standard Book Number 9780809332885
Record control number (DLC) 2013010556
797 2# - LOCAL ADDED ENTRY--CORPORATE NAME (RLIN)
Corporate name or jurisdiction name as entry element ebrary.
856 40 - ELECTRONIC LOCATION AND ACCESS
Uniform Resource Identifier <a href="http://site.ebrary.com/lib/rucke/Doc?id=10800685">http://site.ebrary.com/lib/rucke/Doc?id=10800685</a>
Public note An electronic book accessible through the World Wide Web; click to view

No items available.

© 2026 Rongo University
Contact us: librarian | system librarian | Rongo university